| 000 | 03829nam a2200481 a 4500 | ||
|---|---|---|---|
| 003 | CHAP | ||
| 005 | 20241021133058.0 | ||
| 007 | cr ||||||a|c|a | ||
| 008 | 101217s2010 mx r 00010 spa d | ||
| 035 | _a111836 | ||
| 040 | _cCHAP | ||
| 090 | _aTesis | ||
| 100 | 1 |
_aArenas Bonifacio, Omar _96951 |
|
| 245 | 1 | 0 |
_aCaracterización fisiográfica y de la precipitación de la Cuenca de los Rios de la Sierra, Tabasco _c/por Omar Arenas Bonifacio; director Laura Alicia Ibáñez Castillo |
| 264 | 1 |
_aChapingo, Méx. : _bEl autor, _c2010. |
|
| 300 |
_a1 recurso en línea (171 páginas): _bcuadros, figuras. |
||
| 336 |
_2rdacontent _atexto _btxt |
||
| 337 |
_2rdamedia _acomputadora _bc |
||
| 338 |
_2rdacarrier _arecursos en línea _bcr |
||
| 502 |
_bII _cIrrigación _d2010 _gLIC |
||
| 520 | _aSe analizaron dos posibles razones para las inundaciones del 2007 en Villahermosa, Tabasco: (1) la fisiografía de los ríos de la Sierra, y, (2) las precipitaciones extremas que se presentaron ese año. La cuenca de los ríos de la Sierra, incluyendo el río Pichucalco, cubren una superficie de 5,971 km2 ; en dicha cuenca habitan 430,968 personas. El sistema “ríos de la Sierra” incluye a los ríos Teapa, Amatán, San Pedro, Colorado, Manzánic y Grande. El análisis de la fisiografía de los ríos de la Sierra permitió encontrar que la pendiente media de la cuenca es del 29.23 % y la pendiente del cauce principal es del 0.92 %. Se observó que, en general, la cuenca puede dividirse en una parte alta con fisiografía escarpada (pendiente media 40% y pendiente del cauce 6 %), parte media (pendiente media 30% y pendiente del cauce de 0.68 %), y una parte baja muy plana (pendiente media 19% y pendiente del cauce de 0.04 %), lo que origina una corriente que baja a grandes velocidades para venir a estancarse en la parte baja plana donde Villahermosa está ubicada. En lo que respecta al análisis de la precipitación del 2007 ocurrida en la cuenca ríos de la Sierra, se analizaron tres estaciones pluviométricas que reportaron datos de lluvia: Teapa, Oxolotán y Larrainzar. En esas estaciones se puede observar que el valor máximo registrado en 24 horas fue en la estación Oxolotán, Tabasco, con un valor de 317 mm y que el periodo de retorno que le corresponde fue de 20 años. También se calcularon las precipitaciones máximas probables en 24 horas (PMP) para las tres estaciones y se encontró que para la estación que presentó la máxima PMP fue en Oxolotán con un valor de 1141 mm el 28 de Octubre. Se encontró que la lluvia total del mes de Octubre del 2007 es el doble de la histórica. Se concluye que la fisiografía y la precipitación total del mes de Octubre, en la cuenca ríos de la Sierra, se conjuntaron para propiciar las inundaciones en Villahermosa, pero deben analizarse otras razones adicionales. | ||
| 590 |
_aALEPH _b10 _c20130110 |
||
| 590 |
_aBATCH-UPD _b10 _c20130110 |
||
| 590 |
_aBATCH-UPD _b10 _c20130410 |
||
| 590 |
_aBATCH-UPD _b10 _c20130914 |
||
| 590 |
_aBATCH-UPD _b10 _c20140324 |
||
| 590 |
_aBATCH-UPD _b10 _c20141002 |
||
| 590 |
_aBATCH _b00 _c20181121 |
||
| 590 |
_aCONVERSION _b10 _c20130109 |
||
| 650 | 1 | 4 |
_aCuencas hidrológicas. _930092 |
| 650 | 1 | 4 |
_aEstaciones meteorológicas. _938196 |
| 650 | 1 | 4 |
_aPrecipitación (Meteorología) _xTabasco. _991356 |
| 650 | 1 | 4 |
_aRíos _xTabasco. _999173 |
| 650 | 1 | 4 |
_aSierras. _9105875 |
| 700 | 1 |
_aIbáñez Castillo, Laura Alicia _957233 _eDirector de tesis. |
|
| 856 |
_uhttp://10.13.5.2/tesis/111836.pdf _zDESCARGAR PDF |
||
| 901 | _aBK | ||
| 942 |
_cTD _2Clasificación Universidad Autónoma Chapingo |
||
| 949 |
_aTesis _bBC _cTES _d33724002224462 _eTS2 _fc.2 _gDonaciØn _h51684 _i111836 _sb |
||
| 949 |
_aTesis _bBC _cTES _d33724002224504 _eTS1 _gDonaciØn _h51683 _i111836 _sb |
||
| 999 |
_c100177 _d100177 |
||